000 00243nam a2200097Ia 4500
008 240331s9999 xx 000 0 und d
082 _bCHA
100 _aChakravarthy,U
245 0 _aSaathiyum paalnilaipaagupaadum :
_bpenniya P paarvai
942 _cL
999 _c3574
_d3574